000 00672nam a2200241 i 4500
001 9094
003 ES-MaACL
005 20230906145612.0
007 t|
008 930512s1984 sp ||||1| gao d
020 _a84-7154-475-X
080 _a869.9-311.1 "19"
080 _a869.9 (Queizán M.J. 70.01)
100 1 _aQueizan, María Xosé.
_9178370
245 1 2 _aA orella no buraco /
_cMaría Xosé Queizán.
250 _a[2ª ed.].
260 _aVigo :
_bGalaxia,
_c1984.
300 _a120 p. ;
_c20 cm.
490 1 _aNarrativa Mondadori ;
_v49
830 0 _aNarrativa Mondadori ;
_v49
_9178089
852 _aES-MaACL
_jL-16599
_bR.119956
999 _c9094
_d9094